|
|
|
|
| LEADER |
01400nam a22002417a 4500 |
| 001 |
33721 |
| 003 |
BD-DhAAL |
| 005 |
20180913123901.0 |
| 008 |
180913t2018 bg a|||| ||||f00| 0 ben d |
| 999 |
|
|
|c 40006
|d 40006
|
| 040 |
|
|
|a BD-DhAAL
|b BD-DhAAL
|
| 082 |
|
|
|a 354.549200722
|2 23
|
| 245 |
|
|
|a বিকশিত শিশু :
|b সমৃদ্ধ বংলাদেশ : শিশু বাজেট, ২০১৮-১৯
|
| 260 |
|
|
|a ঢাকা :
|b অর্থ বিভাগ, অর্থ মন্ত্রণালয়, গণপ্রজাতন্ত্রী বাংলাদেশ সরকার,
|c ২০১৮
|
| 300 |
|
|
|a ১২৮ পৃষ্ঠা :
|b চিত্র ;
|c ২৮ সে. মি.
|
| 526 |
|
|
|a AAL
|
| 541 |
|
|
|a Development Book Agency
|e 33721
|
| 650 |
|
|
|a Budget
|z Bangladesh
|9 21818
|
| 650 |
|
|
|a Child welfare
|x Finance
|z Bangladesh
|9 21819
|
| 710 |
|
|
|a গণপ্রজাতন্ত্রী বাংলাদেশ সরকার,
|b অর্থ মন্ত্রণালয়,
|b অর্থ বিভাগ
|9 28101
|
| 852 |
|
|
|a Ayesha Abed Library
|c General Stacks
|
| 942 |
|
|
|2 ddc
|c BK
|
| 952 |
|
|
|0 0
|1 0
|2 ddc
|4 0
|6 354_549200722000000_BIK
|7 0
|9 64290
|a BRACUL
|b BRACUL
|c GEN
|d 2018-08-28
|e Development Book Agency
|g 100.00
|l 0
|o 354.549200722 BIK
|p 3010033721
|r 2018-08-28
|t 1
|v 100.00
|w 2018-08-28
|y BK
|x Koha Inventory 2020 ; Previously missing book recovered on 15 September 2025
|